000 00724nam a22002657a 4500
001 BR8403478
003 BR-BrBNA
005 20230928091946.0
007 ta
008 230509b bl.||||| |||| 00| 0 por d
040 _aBR-BrBNA
_bpor
_cBiblioteca Nacional de Agricultura
041 _a(Por)
072 _aC00
_b/G514
090 _ C00 BR8403478
110 1 _aEmpresa Brasileira de Noticias, Brasilia, DF (Brasil)
_93825
245 1 _aMinisterio da Agricultura [jornal, comunicacao, Brasil]
260 3 _aBrasilia, DF (Brasil):
_c1984.
300 _a87 p.
650 _aJORNAL
650 _aJORNALISMO
650 _aCOMUNICACAO
650 _aAGRICULTURA
909 _a202309
_bLucia
_c55
_dLucia Elande
942 _cBK
999 _c36412
_d36412